Memòria de les Jornades de debat sobre teatre infantil i juvenil a Catalunya : (Record no. 137439)

MARC details
000 -CABECERA
campo de control de longitud fija 01488cam a2200361 a 4500
001 - NÚMERO DE CONTROL
campo de control 991008216859706706
003 - IDENTIFICADOR DEL NÚMERO DE CONTROL
campo de control ES-BaIT
005 - FECHA Y HORA DE LA ÚLTIMA TRANSACCIÓN
campo de control 20260511135312.0
008 - DATOS DE LONGITUD FIJA--INFORMACIÓN GENERAL
campo de control de longitud fija 910307s1989 spca || o100 ||cat
015 ## - NÚMERO DE BIBLIOGRAFÍA NACIONAL
Número de bibliografía nacional LL2009
Fuente bnc
017 ## - NÚMERO DE COPYRIGHT O DE DEPÓSITO LEGAL
Número de copyright o de depósito legal DL B. 29669-1989
Agencia que asigna Biblioteca de Catalunya
020 ## - NÚMERO INTERNACIONAL ESTÁNDAR DEL LIBRO
Número Internacional Estándar del Libro 8439311699
035 ## - NÚMERO DE CONTROL DEL SISTEMA
Número de control de sistema (ES-BaCBU).b1191905x
035 ## - NÚMERO DE CONTROL DEL SISTEMA
Número de control de sistema 114546
035 ## - NÚMERO DE CONTROL DEL SISTEMA
Número de control de sistema (OCoLC)802527356
040 ## - FUENTE DE LA CATALOGACIÓN
Centro catalogador/agencia de origen ES-BaBC
Lengua de catalogación cat
Centro/agencia transcriptor ES-BaBC
043 ## - CÓDIGO DE ÁREA GEOGRÁFICA
Código de área geográfica e-sp---
Código local GAC e-spc--
Fuente del código local catmarc
080 ## - NÚMERO DE LA CLASIFICACIÓN DECIMAL UNIVERSAL
Número de la Clasificación Decimal Universal 792-053.2(467.1)(061.3)
080 ## - NÚMERO DE LA CLASIFICACIÓN DECIMAL UNIVERSAL
Número de la Clasificación Decimal Universal 792.077(460.23)(061.3)
111 2# - ENTRADA PRINCIPAL--NOMBRE DE CONGRESO/REUNIÓN
Nombre de congreso/reunión o jurisdicción como elemento de entrada Jornades de Debat sobre Teatre Infantil i Juvenil a Catalunya
Fecha del congreso o de la firma del tratado (1986 :
Sede del congreso/Lugar de la reunión Terrassa, Catalunya)
9 (RLIN) 169467
245 10 - MENCIÓN DE TÍTULO
Título Memòria de les Jornades de debat sobre teatre infantil i juvenil a Catalunya :
Resto del título Terrassa, 18-19 d'octubre 1986
260 ## - PUBLICACIÓN, DISTRIBUCIÓN, ETC.
Lugar de publicación, distribución, etc. Barcelona :
Nombre del editor, distribuidor, etc. Generalitat de Catalunya. Departament de Cultura,
Fecha de publicación, distribución, etc. 1989
300 ## - DESCRIPCIÓN FÍSICA
Extensión 155 p. :
Otras características físicas il. col. ;
Dimensiones 29 cm
500 ## - NOTA GENERAL
Nota general Recull de les ponències de les jornades
500 ## - NOTA GENERAL
Nota general A la part superior de la portada: Direcció General de Difusió Cultural. Servei de Promoció Cultural
650 #7 - PUNTO DE ACCESO ADICIONAL DE MATERIA--TÉRMINO DE MATERIA
Término de materia o nombre geográfico como elemento de entrada Teatre infantil
Subdivisión geográfica Catalunya
Subdivisión general Congressos
Fuente del encabezamiento o término lemac
9 (RLIN) 121237
650 #7 - PUNTO DE ACCESO ADICIONAL DE MATERIA--TÉRMINO DE MATERIA
Término de materia o nombre geográfico como elemento de entrada Teatre juvenil
Subdivisión geográfica Catalunya
Subdivisión general Congressos
Fuente del encabezamiento o término lemac
9 (RLIN) 169468
650 #7 - PUNTO DE ACCESO ADICIONAL DE MATERIA--TÉRMINO DE MATERIA
Término de materia o nombre geográfico como elemento de entrada Teatre en l'ensenyament
Subdivisión geográfica Catalunya
Subdivisión general
Fuente del encabezamiento o término lemac
9 (RLIN) 169469
710 1# - ENTRADA AGREGADA--NOMBRE DE ENTIDAD CORPORATIVA
Nombre de entidad corporativa o nombre de jurisdicción como elemento de entrada Catalunya.
Unidad subordinada Departament de Cultura
9 (RLIN) 53859
908 ## - COLOCAR PARÁMETRO DE COMANDO (RLIN)
Colocar parámetro de comando BMON
-- BC
-- UAB
-- UB
-- UdG
-- GCDSI
-- GCCult
-- URL
-- CLR
-- CDMAE
940 ## - EQUIVALENCIA O REFERENCIA-CRUZADA--TÍTULO UNIFORME [OBSOLETO] [solamente CAN/MARC]
Título uniforme <a href="BC">BC</a>
942 ## - ELEMENTOS DE ENTRADA AGREGADA (KOHA)
Fuente del sistema de clasificación o colocación Clasificación decimal universal
Tipo de ítem Koha Llibre
Holdings
Estado de retiro Estado de pérdida Fuente del sistema de clasificación o colocación Estado dañado No para préstamo Localización permanente Ubicación/localización actual Ubicación en estantería Fecha de adquisición Fuente de adquisición Total de préstamos Signatura topográfica completa Código de barras Fecha visto por última vez Precio válido a partir de Tipo de ítem Koha
    Clasificación decimal universal     Biblioteca Barcelona Biblioteca Barcelona BCN Magatzem Dossiers 11/05/2026 Donatiu   D 10-07 d1007 11/05/2026 11/05/2026 Llibre

Powered by Koha